| 000 | 00674nam a22001937a 4500 | ||
|---|---|---|---|
| 003 | AM-YeHGA | ||
| 040 | _aAM-YeHGA | ||
| 090 | _c427348 | ||
| 005 | 20250617155034.0 | ||
| 008 | 190207s ||||| |||| 00| 0 rus d | ||
| 041 | 0 | _arus | |
| 100 | 1 | _aЛевина, Роза Ефимовна. | |
| 245 | 1 | 0 |
_aСпособы распространения плодов и семян / _cР.Е. Левин |
| 260 |
_aМосква : _bИзд-во Моск. ун-та, _c1957. |
||
| 300 |
_a358 с. : _b[1] л. ил. : ил. |
||
| 653 | 0 | _aПлодовые культуры - Расселение | |
| 653 | 0 | _aСемена - Расселение | |
| 942 |
_2udc _cBK |
||
| 999 |
_c424885 _d424885 |
||